000 00480nam a2200157Ia 4500
008 210716s2016 xx 000 0 und d
020 _a9789352602148
041 _aeng
082 _a621.395 KANS
100 _aKang, Sung Mo; Leblebici, Yusuf; Kim, Chulwoo.
245 _aCMOS Digital integrated circuits: analysis and design.
_bAnalysis and design.
250 _a4
260 _aNew Delhi
_bMc Graw Hill Book Company
_c2016
300 _axviii,714
650 _aDigital Systems
999 _c196126
_d196126